| Поле | Инд. | ПП | Название | Значение |
|---|---|---|---|---|
| Тип записи | a | |||
| Библиографический уровень | b | |||
| 001 | Контрольный номер | RU/IS/BASE/265914808 | ||
| 005 | Дата корректировки | 20220715140356.4 | ||
| 008 | Кодируемые данные | 20080604 | ||
| 040 | b | Код языка каталог. | rus | |
| e | Правила каталог. | PSBO | ||
| 041 | 0_ | a | Код языка текста | rus |
| 084 | a | Индекс другой классификации/Индекс ББК | 60.561.3(2Рос); 66.2(2Рос); 66.4(0); 66.4(5Коо) | |
| 245 | 11 | a | Заглавие | [Проблемы внутренней и внешней политики России: теория и практика] |
| b | Продолж. заглавия | [подборка статей] | ||
| 500 | a | Примечание | Материалы конференции молодых ученых, состоявшейся на социологическом факультете Московского государственного университета им. М. В. Ломоносова | |
| 504 | a | Библиография | Библиогр. ссылки. - Примеч. | |
| 505 | 0_ | a | Форматированное содержание | О работе конференции |
| 505 | 0_ | a | Форматированное содержание | Согласование интересов участников международных отношений |
| b | Автор | Бабиков А. В. | ||
| 505 | 0_ | a | Форматированное содержание | Публичная политика: от противостояния к сотрудничеству |
| b | Автор | Баранникова А. Б. | ||
| 505 | 0_ | a | Форматированное содержание | Эволюция либеральных представления о принципах международных отношений |
| b | Автор | Буланов А. А. | ||
| 505 | 0_ | a | Форматированное содержание | Особенности воздействия тенденции "глокализации" на сферу брендинга |
| b | Автор | Гриднева Е. Н. | ||
| 505 | 0_ | a | Форматированное содержание | Специфика российского лоббизма |
| b | Автор | Гусева Е. А. | ||
| 505 | 0_ | a | Форматированное содержание | Этапы формирования российской диаспоры в США |
| b | Автор | Калинкин В. Ю. | ||
| 505 | 0_ | a | Форматированное содержание | Экологическая политика как необходимый элемент устойчивого развития человечества |
| b | Автор | Кочеткова Е. В. | ||
| 505 | 0_ | a | Форматированное содержание | Структурная организация современной российской политической элиты |
| b | Автор | Мосендз А. В. | ||
| 505 | 0_ | a | Форматированное содержание | Проблема безопасности на Корейском полуострове: ядерные конфликты |
| b | Автор | Чжун Чжэ Хо | ||
| 505 | 0_ | a | Форматированное содержание | Социальная модернизация и глобализация |
| b | Автор | Шагинян А. М. | ||
| 650 | 04 | a | Основная рубрика | внешняя политика |
| a | Основная рубрика | международные отношения | ||
| a | Основная рубрика | политика | ||
| a | Основная рубрика | политическая социология | ||
| a | Основная рубрика | современное политическое положение | ||
| a | Основная рубрика | социология | ||
| 653 | 0_ | a | Ключевые слова | брендинг |
| a | Ключевые слова | внутренняя политика | ||
| a | Ключевые слова | глобализация | ||
| a | Ключевые слова | глокализация | ||
| a | Ключевые слова | диаспоры | ||
| a | Ключевые слова | Корейская Народно-Демократическая Республика (КНДР) | ||
| a | Ключевые слова | Корея | ||
| a | Ключевые слова | либерализм | ||
| a | Ключевые слова | лоббизм | ||
| a | Ключевые слова | международная безопасность | ||
| a | Ключевые слова | негосударственные акторы | ||
| a | Ключевые слова | политическая элита | ||
| a | Ключевые слова | принципы международных отношений | ||
| a | Ключевые слова | публичная политика | ||
| a | Ключевые слова | Республика Корея (Южная Корея) | ||
| a | Ключевые слова | Россия | ||
| a | Ключевые слова | русская диаспора | ||
| a | Ключевые слова | социальная модернизация | ||
| a | Ключевые слова | социология международных отношений | ||
| a | Ключевые слова | США | ||
| a | Ключевые слова | устойчивое развитие | ||
| a | Ключевые слова | экологическая политика | ||
| a | Ключевые слова | экология | ||
| a | Ключевые слова | ядерное оружие (атомное оружие) | ||
| a | Ключевые слова | ядерный кризис | ||
| 700 | 12 | a | Автор | Бабиков А. В. |
| 700 | 1_ | a | Автор | Баранникова А. Б. |
| 700 | 1_ | a | Автор | Буланов А. А. |
| 700 | 1_ | a | Автор | Мосендз А. В. |
| 700 | 1_ | a | Автор | Шагинян А. М. |
| 700 | 1_ | a | Автор | Гриднева Е. Н. |
| 700 | 1_ | a | Автор | Чжун Чжэ Хо |
| 700 | 1_ | a | Автор | Гусева Е. А. |
| 700 | 1_ | a | Автор | Кочеткова Е. В. |
| 700 | 1_ | a | Автор | Калинкин В. Ю. |
| 773 | 08 | t | Заглавие источника | Вестник Московского университета. Серия 18, Социология и политология |
| d | Дата издания источника | 2007 | ||
| g | Прочая информация | № 4. - С. 97 - 122 | ||
| w | Контрольный № источника | RU/IS/BASE/261756947 | ||
| 901 | t | Тип документа | b |